| 000 | 00689nam a2200229 u 4500 | ||
|---|---|---|---|
| 005 | 20240514063720.0 | ||
| 008 | 130621s1993 mx r 000 0 spa d | ||
| 020 | _a9684940580 (CIDCLI) | ||
| 020 | _a9682958814 (CONACULTA) | ||
| 035 | _aUPN01000191681 | ||
| 049 | _aI | ||
| 050 | 4 |
_aPQ7390 P3.9 _bH4.7 |
|
| 100 | 1 |
_aPaz, Senel, _d1950- _934208 |
|
| 245 | 1 | 4 |
_aLas hermanas : _cSenel Paz ; il. Claudia de Teresa. |
| 260 |
_aMéxico : _bCIDCLI : _bCONACULTA, _c1993. |
||
| 300 |
_a27 p. : _bprincipalmente il. col. |
||
| 440 | 0 | _aEnCuento | |
| 650 | 4 |
_aCUENTOS CUBANOS _95073 |
|
| 650 | 4 |
_aHermanos y hermanas _vLiteratura infantil _98964 |
|
| 905 | _aInfantil | ||
| 999 |
_c163784 _d163784 |
||